[Event "2018_CEG Riscle C"]
[Site "Riscle"]
[Date "2018.08.06"]
[Round "1.1"]
[White "Tholey, Jean-Paul"]
[Black "Hameau, Cyril"]
[Result "0-1"]
[WhiteElo "1803"]
[BlackElo "1783"]
[PlyCount "130"]
[EventDate "2018.??.??"]
[WhiteTeam "Echiquier Bayonne Adour"]
[BlackTeam "Echiquier de Franconville"]

1. d4 Nf6 2. c4 e6 3. Nc3 Bb4 4. Qc2 O-O 5. Nf3 c5 6. dxc5 Qa5 7. Bd2 Qxc5 8.
e3 d5 9. a3 Bxc3 10. Bxc3 Nbd7 11. Bb4 Qc7 12. Bxf8 Nxf8 13. Rc1 dxc4 14. Bxc4
b5 15. Bd3 Qa5+ 16. Qc3 Qa4 17. O-O Bb7 (17... Qg4 18. Qd4) 18. Qd4 Qa5 19. Rc2
Rd8 20. Qc3 Qb6 21. Be2 Be4 22. Rd2 Re8 23. Rc1 Bb7 24. Qb4 a6 25. Rd6 Qa7 26.
Qd4 Qb8 27. Rd1 Nd5 28. Qe5 Ng6 29. Qg3 Qc7 30. e4 Ngf4 31. Rd2 (31. Bf1) 31...
Qxd6 32. exd5 Bxd5 33. Bf1 e5 34. Ne1 Qh6 35. Qc3 Qc6 36. Qxc6 Bxc6 37. Rd6 Rc8
38. g3 Ng6 39. Bg2 Ne7 40. Nd3 e4 41. Nb4 (41. Bxe4 Bxe4) 41... f5 42. Nxa6 Bd5
43. h4 Rc1+ 44. Kh2 Bc4 45. Rd2 Kf7 46. Nb4 Kf6 47. Rc2 Rd1 48. Na6 Ke5 49. a4
Bd3 50. Rc5+ Kd4 51. axb5 Nd5 52. Rc8 Bxb5 53. Nc5 Rb1 54. Ne6+ Ke5 55. Nxg7
Rxb2 56. Kg1 Rb1+ 57. Kh2 Rb2 58. Kg1 Kf6 59. Nh5+ Kg6 60. Rc5 Ne7 61. Nf4+ Kf6
62. Nd5+ Nxd5 63. Rxd5 e3 64. Rd1 (64. fxe3 Rxg2+ 65. Kxg2 Bc6 66. e4 Bxd5 67.
exd5 Ke5) 64... exf2+ 65. Kh1 Re2 0-1

[Event "2018_CEG Riscle C"]
[Site "Riscle"]
[Date "2018.08.06"]
[Round "1.2"]
[White "Grego, Pierre"]
[Black "Jauneau, David"]
[Result "0-1"]
[WhiteElo "1772"]
[BlackElo "1794"]
[PlyCount "84"]
[EventDate "2018.??.??"]
[WhiteTeam "Echiquier Saint Franciscain"]
[BlackTeam "L'Echiquier du Lac Enghien"]

1. e4 Nf6 2. e5 Nd5 3. d4 d6 4. Nf3 Bg4 5. Be2 Nc6 6. exd6 cxd6 7. O-O g6 8. c4
Nb6 9. Be3 Bg7 10. Nc3 O-O 11. Re1 Bxf3 12. gxf3 d5 13. c5 Nc8 14. f4 e6 15.
Qd2 N8e7 16. Bg4 Kh8 17. Ne2 Rg8 18. Kh1 Nf5 19. Bxf5 gxf5 20. b4 a6 21. Rg1
Qf6 22. a3 Bh6 23. Rxg8+ Rxg8 24. Rg1 Rg4 25. Rxg4 fxg4 26. a4 Qf5 27. b5 axb5
28. axb5 Qb1+ 29. Qc1 Qxb5 30. Qc2 f5 31. Kg2 Bg7 32. Nc3 Qc4 33. Qb2 Nb4 34.
Nb1 Qxc5 35. dxc5 Bxb2 36. Kf1 d4 37. Bd2 Nd3 38. Ke2 Nxc5 39. Bb4 Ne4 40. f3
Nc3+ 41. Nxc3 gxf3+ 42. Kxf3 dxc3 0-1

[Event "2018_CEG Riscle C"]
[Site "Riscle"]
[Date "2018.08.06"]
[Round "1.3"]
[White "Noe, Jean-Jacques"]
[Black "Lheritier, Boris"]
[Result "1/2-1/2"]
[WhiteElo "1733"]
[BlackElo "1786"]
[PlyCount "40"]
[EventDate "2018.??.??"]
[WhiteTeam "Caissa Crazy Chess Club (C4)"]
[BlackTeam "Roi Blanc Montbeliard"]

1. c4 Nf6 2. g3 g6 3. Bg2 d5 4. cxd5 Nxd5 5. Nc3 Nb6 6. d3 Bg7 7. Nf3 Nc6 8.
O-O O-O 9. a3 a5 10. Rb1 a4 11. Be3 Be6 12. Nd2 Na5 13. Bxb6 cxb6 14. Nxa4 Qd4
15. Nc3 Qd7 16. Re1 Rfc8 17. Na4 Qb5 18. Nc3 Qd7 19. Na4 Qb5 20. Nc3 Qd7
1/2-1/2

[Event "2018_CEG Riscle C"]
[Site "Riscle"]
[Date "2018.08.06"]
[Round "1.4"]
[White "Josse, Mathilde"]
[Black "Jackson, Daniel"]
[Result "1-0"]
[WhiteElo "1728"]
[BlackElo "1764"]
[PlyCount "68"]
[EventDate "2018.??.??"]
[WhiteTeam "Echiquier Guingampais"]
[BlackTeam "LEC Echiquier Limousin"]

1. e4 c5 2. Nf3 d6 3. Bb5+ Bd7 4. Bxd7+ Nxd7 5. d4 cxd4 6. Nxd4 a6 7. O-O Ngf6
8. Nc3 g6 9. Be3 Bg7 10. Kh1 Nc5 11. f3 O-O 12. Qd2 b5 13. Bh6 Qd7 14. Bxg7
Kxg7 15. Qg5 h6 16. Qe3 Rfc8 17. Rfe1 b4 18. Nd5 Nxd5 19. exd5 Re8 20. c4 e5
21. dxe6 fxe6 22. Qd2 a5 23. Re3 Rad8 24. Rd1 d5 25. Qe2 Kh7 26. Re5 Qf7 27.
Nc6 Rc8 28. cxd5 exd5 29. Nxa5 Rxe5 30. Qxe5 Re8 31. Qd4 Qe7 32. Nb3 Nxb3 33.
axb3 Qd6 34. h3 Rd8 1-0

[Event "2018_CEG Riscle C"]
[Site "Riscle"]
[Date "2018.08.06"]
[Round "2.1"]
[White "Jauneau, David"]
[Black "Lheritier, Boris"]
[Result "0-1"]
[WhiteElo "1794"]
[BlackElo "1786"]
[PlyCount "42"]
[EventDate "2018.??.??"]
[WhiteTeam "L'Echiquier du Lac Enghien"]
[BlackTeam "Roi Blanc Montbeliard"]

1. d4 Nf6 2. c4 g6 3. Nc3 d5 4. cxd5 Nxd5 5. e4 Nxc3 6. bxc3 c5 7. Bb5+ Nc6 8.
d5 Qa5 9. Qd3 a6 10. Bxc6+ bxc6 11. dxc6 Bg7 12. Ne2 O-O 13. Be3 Be6 14. O-O
Rfd8 15. Qc2 Rac8 16. Rfd1 Rxc6 17. Rxd8+ Qxd8 18. Rd1 Qa5 19. Qa4 Qxa4 20.
Rd8+ Bf8 21. Bh6 Rc8 0-1

[Event "2018_CEG Riscle C"]
[Site "Riscle"]
[Date "2018.08.06"]
[Round "2.2"]
[White "Hameau, Cyril"]
[Black "Noe, Jean-Jacques"]
[Result "1-0"]
[WhiteElo "1783"]
[BlackElo "1733"]
[PlyCount "94"]
[EventDate "2018.??.??"]
[WhiteTeam "Echiquier de Franconville"]
[BlackTeam "Caissa Crazy Chess Club (C4)"]

1. e4 e6 2. Nf3 d5 3. e5 c5 4. b4 c4 5. a3 a5 6. b5 Nd7 7. d3 cxd3 8. cxd3 f6
9. d4 fxe5 10. dxe5 Ne7 11. Bd3 g6 12. O-O Bg7 13. Re1 O-O 14. Bb2 Nf5 15. Nbd2
Nc5 16. Bf1 b6 17. Rc1 Ra7 18. Nb3 Nxb3 19. Qxb3 Rc7 20. Rxc7 Qxc7 21. Rc1 Qd8
22. Qc3 Bh6 23. Rc2 Bb7 24. Qc7 Qxc7 25. Rxc7 Rf7 26. Rxf7 Kxf7 27. g4 Ne7 28.
a4 Bf4 29. Bd4 Nc8 30. h4 h6 31. Bd3 Bc1 32. Kf1 Ba3 33. Be3 Bf8 34. Nd4 Bg7
35. f4 Ne7 36. Nf3 Nc8 37. Bd4 Bf8 38. Ke2 Bc5 39. Bb2 Ne7 40. Bc1 d4 41. Nd2
h5 42. gxh5 gxh5 43. Nb3 Nd5 44. Bd2 Nb4 45. Bxb4 axb4 46. Bc4 Be4 47. a5 d3+
1-0

[Event "2018_CEG Riscle C"]
[Site "Riscle"]
[Date "2018.08.06"]
[Round "2.3"]
[White "Grego, Pierre"]
[Black "Josse, Mathilde"]
[Result "1-0"]
[WhiteElo "1772"]
[BlackElo "1728"]
[PlyCount "103"]
[EventDate "2018.??.??"]
[WhiteTeam "Echiquier Saint Franciscain"]
[BlackTeam "Echiquier Guingampais"]

1. e4 c5 2. Nf3 Nf6 3. Nc3 d5 4. exd5 Nxd5 5. Bb5+ Bd7 6. Bxd7+ Qxd7 7. O-O e6
8. Re1 Nc6 9. Ne4 Be7 10. d3 h6 11. d4 cxd4 12. Nxd4 O-O 13. c3 Rac8 14. Be3
Nxe3 15. fxe3 Qd5 16. Nd2 Bc5 17. Qf3 Qxf3 18. N2xf3 Rfe8 19. Kf1 e5 20. Nxc6
Rxc6 21. e4 Rd6 22. Rad1 g5 23. Rxd6 Bxd6 24. Rd1 Re6 25. Ke2 Kf8 26. Rd5 Ke7
27. a4 Bc7 28. b4 f6 29. g4 Rd6 30. Rxd6 Kxd6 31. Kd3 a5 32. Kc4 Kc6 33. Nd2
Bd8 34. Nf1 b6 35. Ne3 Be7 36. Nf5 Bf8 37. b5+ Kd7 38. Kd5 Bc5 39. Nxh6 Ke7 40.
Nf5+ Kd7 41. Ng7 Bf2 42. c4 Bg1 43. h3 Be3 44. Ne6 Bd2 45. c5 Be3 46. c6+ Kc8
47. c7 Kd7 48. Nf8+ Kxc7 49. Ke6 Bf4 50. Nd7 Bg3 51. Nxf6 Bf4 52. Nd7 1-0

[Event "2018_CEG Riscle C"]
[Site "Riscle"]
[Date "2018.08.06"]
[Round "2.4"]
[White "Jackson, Daniel"]
[Black "Tholey, Jean-Paul"]
[Result "1-0"]
[WhiteElo "1764"]
[BlackElo "1803"]
[PlyCount "45"]
[EventDate "2018.??.??"]
[WhiteTeam "LEC Echiquier Limousin"]
[BlackTeam "Echiquier Bayonne Adour"]

1. d4 Nf6 2. c4 g6 3. Nc3 d5 4. Nf3 Bg7 5. Bf4 O-O 6. e3 c5 7. Be2 Qa5 8. O-O
Rd8 9. Qb3 cxd4 10. exd4 Nc6 11. Nb5 Ne8 12. cxd5 Nb8 13. Rac1 Na6 14. Bc4 Nd6
15. Nxd6 exd6 16. Bxa6 bxa6 17. Rc6 Bf8 18. a4 Bd7 19. Bd2 Rdb8 20. Qxb8 Rxb8
21. Bxa5 Bxc6 22. dxc6 d5 23. c7 1-0

[Event "2018_CEG Riscle C"]
[Site "Riscle"]
[Date "2018.08.06"]
[Round "3.1"]
[White "Lheritier, Boris"]
[Black "Hameau, Cyril"]
[Result "1-0"]
[WhiteElo "1786"]
[BlackElo "1783"]
[PlyCount "119"]
[EventDate "2018.??.??"]
[WhiteTeam "Roi Blanc Montbeliard"]
[BlackTeam "Echiquier de Franconville"]

1. e4 c6 2. b3 d5 3. Bb2 Nd7 4. e5 Nb6 5. Nf3 Bg4 6. h3 Bxf3 7. Qxf3 e6 8. d4
Ne7 9. Bd3 Ng6 10. O-O Qc7 11. Qg3 Ne7 12. Nc3 g6 13. f4 h5 14. Qf2 Nf5 15. Kh1
Be7 16. Ne2 O-O-O 17. c4 Kb8 18. c5 Nc8 19. b4 a6 20. a4 Na7 21. Rfb1 Rdg8 22.
Bc1 Qd7 23. Nc3 Bh4 24. Qb2 Be1 25. b5 Bxc3 26. Qxc3 axb5 27. axb5 cxb5 28.
Rxa7 Kxa7 29. Qa5+ Kb8 30. Bxb5 Qc7 31. Qa4 Kc8 32. Bd2 Qb8 33. Bd7+ Kd8 34. c6
b6 35. Rxb6 Qxb6 36. Ba5 Qxa5 37. Qxa5+ Ke7 38. Qc7 Kf8 39. Bc8 Ne7 40. Qd6 Kg7
41. Bb7 Nf5 42. Qc5 Rb8 43. Qa7 Ne7 44. c7 Rbf8 45. Qc5 Nc8 46. Bxc8 Rxc8 47.
Qe7 Rhe8 48. Qd6 Ra8 49. Qc6 Rec8 50. Qd6 Rf8 51. Kh2 h4 52. Qe7 Rfc8 53. Qd7
Kf8 54. Kg1 Re8 55. Kf2 Ra2+ 56. Kf3 Rc2 57. Kg4 Rxg2+ 58. Kxh4 Rc2 59. Kg5
Rg2+ 60. Kf6 1-0

[Event "2018_CEG Riscle C"]
[Site "Riscle"]
[Date "2018.08.06"]
[Round "3.2"]
[White "Josse, Mathilde"]
[Black "Jauneau, David"]
[Result "1/2-1/2"]
[WhiteElo "1728"]
[BlackElo "1794"]
[PlyCount "58"]
[EventDate "2018.??.??"]
[WhiteTeam "Echiquier Guingampais"]
[BlackTeam "L'Echiquier du Lac Enghien"]

1. e4 Nf6 2. Nc3 e5 3. Bc4 Bb4 4. Nge2 O-O 5. a3 Bxc3 6. Nxc3 Nxe4 7. Nxe4 d5
8. Bd3 dxe4 9. Bxe4 f5 10. Bd3 Be6 11. Qe2 Bd5 12. O-O e4 13. Bc4 c6 14. d3
Bxc4 15. dxc4 Nd7 16. b4 Qf6 17. Rb1 c5 18. Rd1 Qe7 19. Bf4 cxb4 20. axb4 Nb6
21. c5 Na4 22. Rb3 Qf6 23. Qc4+ Rf7 24. c3 Rd8 25. Rxd8+ Qxd8 26. h3 Qd1+ 27.
Kh2 Qd3 28. Qe6 Qd7 29. Qc4 Qd3 1/2-1/2

[Event "2018_CEG Riscle C"]
[Site "Riscle"]
[Date "2018.08.06"]
[Round "3.3"]
[White "Noe, Jean-Jacques"]
[Black "Jackson, Daniel"]
[Result "1-0"]
[WhiteElo "1733"]
[BlackElo "1764"]
[PlyCount "65"]
[EventDate "2018.??.??"]
[WhiteTeam "Caissa Crazy Chess Club (C4)"]
[BlackTeam "LEC Echiquier Limousin"]

1. c4 Nf6 2. g3 g6 3. Bg2 Bg7 4. Nc3 O-O 5. d3 d6 6. Nf3 e5 7. O-O Nc6 8. Rb1
a5 9. a3 Nh5 10. Nd5 f5 11. Bg5 Nf6 12. Nxf6+ Bxf6 13. Bxf6 Qxf6 14. Nd2 Ne7
15. Qc2 c6 16. b4 a4 17. b5 d5 18. bxc6 bxc6 19. Rb6 Be6 20. cxd5 cxd5 21. Qc7
Rfe8 22. Rfb1 Rac8 23. Qd6 Kf7 24. Qb4 e4 25. dxe4 dxe4 26. Qxa4 Qc3 27. Nf1
Ra8 28. Ra6 Rxa6 29. Qxa6 Bc4 30. Qd6 Bxe2 31. Rb7 Qf6 32. Qc5 Ba6 33. Rb6 1-0

[Event "2018_CEG Riscle C"]
[Site "Riscle"]
[Date "2018.08.06"]
[Round "3.4"]
[White "Tholey, Jean-Paul"]
[Black "Grego, Pierre"]
[Result "1-0"]
[WhiteElo "1803"]
[BlackElo "1772"]
[PlyCount "75"]
[EventDate "2018.??.??"]
[WhiteTeam "Echiquier Bayonne Adour"]
[BlackTeam "Echiquier Saint Franciscain"]

1. d4 Nf6 2. c4 c5 3. Nf3 g6 4. Nc3 Bg7 5. e4 cxd4 6. Nxd4 d6 7. f3 O-O 8. Be3
Nc6 9. Qd2 Nxd4 10. Bxd4 Be6 11. Be2 a6 12. O-O Rc8 13. Nd5 Bxd5 14. exd5 e5
15. dxe6 fxe6 16. Rad1 e5 17. Bf2 Rc6 18. b4 Qc8 19. a4 Ne8 20. c5 dxc5 21.
Bxc5 Rxc5 22. bxc5 Qxc5+ 23. Kh1 Nf6 24. Qc1 Qxc1 25. Rxc1 Rd8 26. Rfd1 Rb8 27.
Rb1 b5 28. Rd6 b4 29. Bxa6 e4 30. Bc4+ Kf8 31. a5 exf3 32. gxf3 Ne8 33. Rb6 Ra8
34. a6 Bc3 35. Rd1 b3 36. Bxb3 Ba5 37. Rb7 Rxa6 38. Rf7+ 1-0

[Event "2018_CEG Riscle C"]
[Site "Riscle"]
[Date "2018.08.06"]
[Round "4.1"]
[White "Jackson, Daniel"]
[Black "Lheritier, Boris"]
[Result "0-1"]
[WhiteElo "1764"]
[BlackElo "1786"]
[PlyCount "34"]
[EventDate "2018.??.??"]
[WhiteTeam "LEC Echiquier Limousin"]
[BlackTeam "Roi Blanc Montbeliard"]

1. d4 Nf6 2. c4 g6 3. Nc3 d5 4. Nf3 Bg7 5. Bf4 O-O 6. e3 c5 7. Be2 cxd4 8. exd4
Nc6 9. O-O dxc4 10. Bxc4 Bg4 11. d5 Na5 12. Be2 Rc8 13. Qa4 Bxf3 14. Bxf3 Rc4
15. Qb5 a6 16. Qxc4 Nxc4 17. Rac1 Nxb2 0-1

[Event "2018_CEG Riscle C"]
[Site "Riscle"]
[Date "2018.08.06"]
[Round "4.2"]
[White "Jauneau, David"]
[Black "Hameau, Cyril"]
[Result "1-0"]
[WhiteElo "1794"]
[BlackElo "1783"]
[PlyCount "143"]
[EventDate "2018.??.??"]
[WhiteTeam "L'Echiquier du Lac Enghien"]
[BlackTeam "Echiquier de Franconville"]

1. d4 Nf6 2. c4 e6 3. Nf3 Bb4+ 4. Bd2 c5 5. Bc3 Qb6 6. Qb3 Nc6 7. dxc5 Qxc5 8.
e3 O-O 9. Bd3 d5 10. Nbd2 Bxc3 11. Qxc3 Re8 12. Ne5 Nxe5 13. Qxe5 Nd7 14. Qh5
g6 15. Qe2 Ne5 16. O-O Bd7 17. Rfc1 Rad8 18. Nb3 Qb4 19. c5 a5 20. Rc3 a4 21.
a3 Qh4 22. Nd4 Bc6 23. g3 Qh3 24. Qf1 Qh6 25. Be2 Nd7 26. Bb5 Nb8 27. Nxc6 bxc6
28. Bxa4 d4 29. exd4 Rxd4 30. b4 Red8 31. Bd1 Qd2 32. Rcc1 e5 33. Qe2 Qg5 34.
Qe3 Qe7 35. Be2 Nd7 36. Rd1 Qf6 37. Qb3 Nf8 38. a4 Ne6 39. a5 Rb8 40. Rxd4 exd4
41. Rc1 Qg5 42. Qc4 Rxb4 43. Qxb4 Qxc1+ 44. Kg2 Qxc5 45. Qxc5 Nxc5 46. a6 Nd7
47. Bf3 c5 48. a7 Nb6 49. a8=Q+ Nxa8 50. Bxa8 Kf8 51. Kf3 Ke7 52. Ke4 Kd6 53.
Kd3 f6 54. Be4 Ke5 55. f4+ Kd6 56. g4 g5 57. Bxh7 gxf4 58. Ke4 f3 59. Kxf3 Ke5
60. Bd3 Kd5 61. h4 c4 62. Bf5 Kd6 63. h5 Ke7 64. Ke4 d3 65. Kd4 d2 66. Bc2 f5
67. g5 Kf7 68. Ke5 Kg7 69. Kxf5 Kh8 70. h6 c3 71. g6 Kg8 72. Kf6 1-0

[Event "2018_CEG Riscle C"]
[Site "Riscle"]
[Date "2018.08.06"]
[Round "4.3"]
[White "Grego, Pierre"]
[Black "Noe, Jean-Jacques"]
[Result "1/2-1/2"]
[WhiteElo "1772"]
[BlackElo "1733"]
[PlyCount "61"]
[EventDate "2018.??.??"]
[WhiteTeam "Echiquier Saint Franciscain"]
[BlackTeam "Caissa Crazy Chess Club (C4)"]

1. e4 e6 2. d4 d5 3. Nc3 Nf6 4. Bg5 Bb4 5. e5 h6 6. Bd2 Bxc3 7. bxc3 Ne4 8. Nf3
Nxd2 9. Qxd2 c5 10. Be2 Nc6 11. O-O c4 12. Rfb1 b6 13. Qf4 Qe7 14. a4 Bd7 15.
Nd2 Na5 16. Nf1 O-O-O 17. Ne3 Rdf8 18. Qg3 Rhg8 19. f4 g5 20. h3 f5 21. Qf3 g4
22. Qf2 Bc6 23. g3 h5 24. Ng2 Qe8 25. Rb4 Bb7 26. Qe1 Qd8 27. Qb1 Nc6 28. Rb2
Na5 29. Nh4 Rg7 30. Qa2 Rfg8 31. Qa3 1/2-1/2

[Event "2018_CEG Riscle C"]
[Site "Riscle"]
[Date "2018.08.06"]
[Round "4.4"]
[White "Josse, Mathilde"]
[Black "Tholey, Jean-Paul"]
[Result "1/2-1/2"]
[WhiteElo "1728"]
[BlackElo "1803"]
[PlyCount "147"]
[EventDate "2018.??.??"]
[WhiteTeam "Echiquier Guingampais"]
[BlackTeam "Echiquier Bayonne Adour"]

1. e4 c5 2. Nf3 a6 3. c3 d5 4. Be2 dxe4 5. Qa4+ Nc6 6. Qxe4 Nf6 7. Qh4 Bf5 8.
O-O e6 9. d4 cxd4 10. Nxd4 Nxd4 11. Qxd4 Qxd4 12. cxd4 Bb4 13. a3 Ba5 14. b4
Bb6 15. Be3 Rc8 16. Nd2 Rd8 17. Nb3 Be4 18. Rac1 O-O 19. Rfd1 Rc8 20. Nc5 Bxc5
21. dxc5 Rfd8 22. Bf4 Bc6 23. Be5 Kf8 24. f3 Ba4 25. Bd6+ Ke8 26. Rd4 Nd5 27.
Bc4 Ne3 28. Kf2 Nf5 29. Rd3 Nxd6 30. cxd6 Rxc4 31. Rxc4 Bb5 32. Rdd4 Bxc4 33.
Rxc4 Rxd6 34. Rc8+ Ke7 35. Rb8 Rd7 36. Ke3 Kd6 37. Rc8 Rc7 38. Rd8+ Ke7 39. Rd3
Rc2 40. g4 Rxh2 41. Rc3 Ra2 42. Kd4 Kd6 43. Kc4 b5+ 44. Kd4 e5+ 45. Ke4 f6 46.
Rd3+ Ke6 47. Rc3 Rd2 48. Rc6+ Rd6 49. Rc3 g6 50. Rc5 f5+ 51. gxf5+ gxf5+ 52.
Ke3 f4+ 53. Ke2 Kf5 54. Rc3 h5 55. Kf2 Rh6 56. Rc8 Rd6 57. Ke2 Re6 58. Kf2 e4
59. Rc5+ Re5 60. fxe4+ Kxe4 61. Rc6 Rd5 62. Re6+ Kd3 63. Kf3 Rf5 64. Rxa6 Kc4
65. Rc6+ Kd5 66. Rb6 Kd4 67. Rd6+ Ke5 68. Rb6 Kd4 69. Rd6+ Rd5 70. Rh6 Kc3 71.
Kxf4 Kb3 72. Ra6 Rd1 73. Kg5 Ra1 74. Ra5 1/2-1/2

[Event "2018_CEG Riscle C"]
[Site "Riscle"]
[Date "2018.08.06"]
[Round "5.1"]
[White "Lheritier, Boris"]
[Black "Grego, Pierre"]
[Result "1/2-1/2"]
[WhiteElo "1786"]
[BlackElo "1772"]
[PlyCount "81"]
[EventDate "2018.??.??"]
[WhiteTeam "Roi Blanc Montbeliard"]
[BlackTeam "Echiquier Saint Franciscain"]

1. e4 d6 2. d4 Nf6 3. Nc3 Nbd7 4. Nf3 e5 5. Bc4 Be7 6. O-O O-O 7. h3 c6 8. a4
Qc7 9. Qe2 h6 10. a5 exd4 11. Nxd4 Ne5 12. Bb3 Bd7 13. f4 Ng6 14. Be3 Rfe8 15.
Qf3 Bf8 16. f5 Ne5 17. Qg3 Kh8 18. Qh4 Qd8 19. Rad1 Qe7 20. Bg5 Kg8 21. Bxf6
Qxf6 22. Qxf6 gxf6 23. Nce2 b5 24. Nf4 Kh8 25. Nh5 Be7 26. Ne2 Rg8 27. Nef4 Rg5
28. g4 a6 29. Nd3 Be8 30. c3 Rd8 31. Kg2 Nd7 32. Kf3 Ne5+ 33. Nxe5 dxe5 34.
Rxd8 Bxd8 35. Rd1 Be7 36. Bxf7 Bxf7 37. Rd7 Bxh5 38. Rxe7 Rg7 39. Rxg7 Kxg7 40.
gxh5 Kf7 41. b4 1/2-1/2

[Event "2018_CEG Riscle C"]
[Site "Riscle"]
[Date "2018.08.06"]
[Round "5.3"]
[White "Hameau, Cyril"]
[Black "Jackson, Daniel"]
[Result "1-0"]
[WhiteElo "1783"]
[BlackElo "1764"]
[PlyCount "69"]
[EventDate "2018.??.??"]
[WhiteTeam "Echiquier de Franconville"]
[BlackTeam "LEC Echiquier Limousin"]

1. e4 c5 2. d4 cxd4 3. c3 dxc3 4. Nxc3 d6 5. Bc4 Nf6 6. e5 Qc7 7. Qb3 d5 8.
Bb5+ Nfd7 9. Nxd5 Qxe5+ 10. Ne2 e6 11. Ndc3 Nc6 12. O-O Be7 13. Bf4 Qf5 14. Qa4
e5 15. Be3 Qe6 16. Rfd1 Nc5 17. Bxc5 Bxc5 18. Nd5 O-O 19. Rac1 Bd4 20. Nc7 Qf6
21. Nxd4 Nxd4 22. Nxa8 Bg4 23. Nc7 a6 24. Bf1 Bxd1 25. Rxd1 Qd6 26. Rc1 Rc8 27.
Rc3 Rd8 28. Qa5 g6 29. Qc5 h5 30. Qxd6 Rxd6 31. Ne8 Rb6 32. b3 Kf8 33. Nc7 Rd6
34. Rc5 Kg7 35. Ne8+ 1-0

[Event "2018_CEG Riscle C"]
[Site "Riscle"]
[Date "2018.08.06"]
[Round "5.4"]
[White "Noe, Jean-Jacques"]
[Black "Josse, Mathilde"]
[Result "0-1"]
[WhiteElo "1733"]
[BlackElo "1728"]
[PlyCount "78"]
[EventDate "2018.??.??"]
[WhiteTeam "Caissa Crazy Chess Club (C4)"]
[BlackTeam "Echiquier Guingampais"]

1. c4 e5 2. g3 Nf6 3. Bg2 Be7 4. Nc3 O-O 5. Nf3 d6 6. d3 c6 7. O-O Qc7 8. Bd2
Nbd7 9. Rc1 Nh5 10. b4 f5 11. e3 Ndf6 12. h3 Qd7 13. Ne2 e4 14. Ne1 Qe6 15. a3
Qf7 16. d4 g5 17. Kh2 Be6 18. c5 dxc5 19. bxc5 Bb3 20. Nc2 Bd8 21. Qe1 Bc7 22.
Rg1 Bc4 23. d5 Bxe2 24. d6 Bxd6 25. Qxe2 Bxc5 26. g4 fxg4 27. hxg4 Ng7 28. Rh1
Qd7 29. Bh3 Nd5 30. Be1 Rf3 31. Qc4 Qd6+ 32. Kg2 Raf8 33. Qxe4 Qf6 34. Rf1 Kh8
35. Nd4 Bxd4 36. exd4 Ne3+ 37. Kh2 Qh6 38. fxe3 Qxh3+ 39. Kg1 Rxf1# 0-1

[Event "2018_CEG Riscle C"]
[Site "Riscle"]
[Date "2018.08.06"]
[Round "6.1"]
[White "Josse, Mathilde"]
[Black "Lheritier, Boris"]
[Result "1/2-1/2"]
[WhiteElo "1728"]
[BlackElo "1786"]
[PlyCount "100"]
[EventDate "2018.??.??"]
[WhiteTeam "Echiquier Guingampais"]
[BlackTeam "Roi Blanc Montbeliard"]

1. e4 g6 2. Nc3 Bg7 3. d4 d5 4. Be3 dxe4 5. Nxe4 Nd7 6. Bc4 Ngf6 7. Bxf7+ Kxf7
8. Ng5+ Kg8 9. Ne6 Qe8 10. Nxc7 Qd8 11. Nxa8 b6 12. Nxb6 Nxb6 13. c3 Bb7 14.
Nf3 h6 15. Ne5 Qe8 16. f3 Nfd7 17. Nxd7 Qxd7 18. Qe2 Kh7 19. Bf2 Qa4 20. b3 Qc6
21. O-O Nd5 22. c4 Nf4 23. Qe3 Rf8 24. d5 Qd7 25. Rae1 Qf5 26. Bg3 Nh5 27. Qxe7
Rf7 28. Qe4 Nxg3 29. hxg3 Qg5 30. Qh4 Qd2 31. Re7 Qd4+ 32. Rf2 Qxh4 33. Rxf7
Qd4 34. Rxb7 h5 35. Re7 Kh6 36. Kf1 Qd3+ 37. Rfe2 Bd4 38. R7e4 Bc3 39. Kg1 Qd1+
40. Kh2 Bb4 41. Re6 Bc5 42. Re1 Qd2 43. R1e2 Qd1 44. Re1 Qd4 45. R6e4 Qd2 46.
R4e2 Qd3 47. Re6 Qd2 48. R1e2 Qd1 49. Re1 Qd2 50. R6e2 Qd3 1/2-1/2

[Event "2018_CEG Riscle C"]
[Site "Riscle"]
[Date "2018.08.06"]
[Round "6.2"]
[White "Grego, Pierre"]
[Black "Hameau, Cyril"]
[Result "1/2-1/2"]
[WhiteElo "1772"]
[BlackElo "1783"]
[PlyCount "98"]
[EventDate "2018.??.??"]
[WhiteTeam "Echiquier Saint Franciscain"]
[BlackTeam "Echiquier de Franconville"]

1. e4 c6 2. Nc3 d5 3. Nf3 Bg4 4. h3 Bh5 5. exd5 cxd5 6. Bb5+ Nc6 7. g4 Bg6 8.
Ne5 Qd6 9. d4 a6 10. Bxc6+ bxc6 11. Na4 e6 12. c3 Be4 13. f3 f6 14. fxe4 fxe5
15. Qf3 exd4 16. O-O Nf6 17. exd5 cxd5 18. g5 Ne4 19. Qf7+ Kd8 20. Bf4 Qe7 21.
Qxe7+ Bxe7 22. cxd4 Bxg5 23. Nc5 Bf6 24. Nxe4 dxe4 25. Be5 Ke7 26. Rfe1 Bxe5
27. dxe5 Rab8 28. Rac1 Rhd8 29. Rc7+ Rd7 30. Rxd7+ Kxd7 31. b3 Rb4 32. Kf2 Rd4
33. Ke3 Rd3+ 34. Kxe4 Rxh3 35. Rd1+ Ke7 36. Rd6 a5 37. Ra6 a4 38. Ra7+ Kf8 39.
Ra8+ Kf7 40. Ra7+ Ke8 41. Rxg7 axb3 42. axb3 h5 43. Rh7 h4 44. Kd4 Rxb3 45. Kc5
Rd3 46. Rxh4 Rd5+ 47. Kc6 Kf7 48. Rf4+ Ke7 49. Re4 Rd1 1/2-1/2

[Event "2018_CEG Riscle C"]
[Site "Riscle"]
[Date "2018.08.06"]
[Round "6.3"]
[White "Tholey, Jean-Paul"]
[Black "Noe, Jean-Jacques"]
[Result "1/2-1/2"]
[WhiteElo "1803"]
[BlackElo "1733"]
[PlyCount "133"]
[EventDate "2018.??.??"]
[WhiteTeam "Echiquier Bayonne Adour"]
[BlackTeam "Caissa Crazy Chess Club (C4)"]

1. d4 e6 2. c4 Nf6 3. Nc3 Bb4 4. Qc2 c5 5. dxc5 Bxc3+ 6. Qxc3 Ne4 7. Qa3 Nc6 8.
Nf3 b6 9. cxb6 Bb7 10. Be3 axb6 11. Qb3 Nc5 12. Bxc5 bxc5 13. e3 Qa5+ 14. Nd2
Nb4 15. a3 Bc6 16. Rc1 Na6 17. Qc3 Qxc3 18. Rxc3 Ke7 19. Be2 Rhb8 20. b3 Nc7
21. a4 Na6 22. O-O Nb4 23. Ra1 Ra7 24. Bf3 Rab7 25. Bxc6 Nxc6 26. Kf1 Na5 27.
Rb1 Nc6 28. Ke2 Nb4 29. Rb2 d6 30. Nb1 Nc6 31. Na3 Na5 32. Nb5 Rd7 33. e4 f6
34. Rd3 Nc6 35. f4 Ra8 36. Kd2 g5 37. Rh3 Rh8 38. fxg5 fxg5 39. Rh5 h6 40. Kc3
Rdd8 41. Rd2 Rh7 42. Rh3 Ne5 43. b4 cxb4+ 44. Kxb4 Rc8 45. Nxd6 Rb8+ 46. Nb5
Rc8 47. Rc3 Nc6+ 48. Ka3 Rf7 49. c5 Rf1 50. Nd6 Ra8 51. Ra2 g4 52. Rb3 Rc1 53.
Rb7+ Kf6 54. Rf7+ Ke5 55. Rh7 Rxc5 56. Nf7+ Kxe4 57. Rxh6 Rb8 58. Re2+ Kd3 59.
Rb2 Rc3+ 60. Ka2 Ra8 61. Rxe6 Rxa4+ 62. Kb1 Rac4 63. Rxc6 Rxc6 64. Ne5+ Ke4 65.
Nxc6 Rxc6 66. Rb4+ Kf5 67. Rb5+ 1/2-1/2

[Event "2018_CEG Riscle C"]
[Site "Riscle"]
[Date "2018.08.06"]
[Round "7.1"]
[White "Lheritier, Boris"]
[Black "Tholey, Jean-Paul"]
[Result "0-1"]
[WhiteElo "1786"]
[BlackElo "1803"]
[PlyCount "108"]
[EventDate "2018.??.??"]
[WhiteTeam "Roi Blanc Montbeliard"]
[BlackTeam "Echiquier Bayonne Adour"]

1. e4 e6 2. b3 d5 3. Bb2 dxe4 4. Nc3 Nf6 5. Qe2 Be7 6. Nxe4 O-O 7. O-O-O Nxe4
8. Qxe4 Qd5 9. Bd3 Qxe4 10. Bxe4 Nd7 11. Ne2 Rb8 12. g4 b6 13. Nd4 Bb7 14. Nc6
Bxc6 15. Bxc6 Rbd8 16. h4 Nb8 17. Be4 c5 18. g5 Na6 19. Kb1 Nb4 20. f4 Nd5 21.
f5 exf5 22. Bxf5 Bd6 23. h5 Rfe8 24. g6 fxg6 25. hxg6 h6 26. Rde1 Nc7 27. d3
Bg3 28. Ref1 Be5 29. Be4 Bxb2 30. Kxb2 Rf8 31. a4 Rxf1 32. Rxf1 Rf8 33. Rh1 Rf6
34. Rh5 Kf8 35. Kc3 Ke7 36. d4 cxd4+ 37. Kxd4 Ne6+ 38. Ke3 Nf8 39. Re5+ Re6 40.
Kd4 Rxe5 41. Kxe5 Nd7+ 42. Kf5 Kd6 43. Bd3 Ne5 44. Be2 Nc6 45. Bd3 Ne7+ 46. Kg4
Ke6 47. Kh5 Kf6 48. Be4 Ke5 49. Bd3 Nd5 50. Kg4 Nf4 51. Bf5 h5+ 52. Kg5 h4 53.
Bc8 h3 54. Kg4 h2 0-1